[Event "BL 2324 SC Heimbach-Weis-Neuwied - FC Ba"]
[Site "?"]
[Date "2023.10.21"]
[Round "1.8"]
[White "Tica, Sven"]
[Black "Johansson, Linus"]
[Result "1-0"]
[WhiteElo "2444"]
[BlackElo "2429"]
[PlyCount "99"]
[EventDate "2023.??.??"]

1. d4 Nf6 2. c4 e6 3. g3 d5 4. Bg2 Bb4+ 5. Bd2 Be7 6. Nf3 O-O 7. O-O Nbd7 8. Qc2 Ne4 9. Bf4 c6 10. h4 h6 11. Nc3 g5 12. Be3 Nd6 13. c5 Nf5 14. Bd2 Bf6 15. hxg5 hxg5 16. e3 b6 17. b4 Ba6 18. Rfd1 Bc4 19. Bh3 Ng7 20. e4 Be7 21. e5 a5 22. a3 Re8 23. Kg2 Nf8 24. Rh1 axb4 25. axb4 Rxa1 26. Rxa1 bxc5 27. bxc5 f5 28. exf6 Bxf6 29. Re1 Nf5 30. Bxf5 exf5 31. Qxf5 Rxe1 32. Bxe1 Qe7 33. g4 Ne6 34. Qg6+ Kf8 35. Bd2 Qf7 36. Qh6+ Qg7 37. Qh5 Bd3 38. Be3 Qh7 39. Qxh7 Bxh7 40. Ne2 Be4 41. Kg3 Bd3 42. Neg1 Kg7 43. Nh3 Kh6 44. Nhxg5 Nxg5 45. Kh4 Be2 46. Bxg5+ Kg6 47. Bxf6 Bxf3 48. Be5 Kh6 49. Kg3 Be4 50. f4 1-0

[Event "BL 2324 SC Remagen Sinzig - MSA Zugzwang"]
[Site "?"]
[Date "2023.10.21"]
[Round "1.1"]
[White "Eljanov, Pavel"]
[Black "Parligras, Mircea-Emilian"]
[Result "1-0"]
[WhiteElo "2695"]
[BlackElo "2561"]
[PlyCount "81"]
[EventDate "2023.??.??"]

1. d4 Nf6 2. Bf4 d5 3. e3 c5 4. Nf3 Nc6 5. Nbd2 Bg4 6. Bb5 e6 7. O-O cxd4 8. exd4 Bd6 9. Bxd6 Qxd6 10. c3 Ne4 11. Qe1 Nxd2 12. Nxd2 O-O 13. Qe3 a6 14. Bd3 Ne7 15. Nb3 a5 16. a4 Bf5 17. Bb5 Qc7 18. Nc5 Rfd8 19. Be2 Nc8 20. g4 Bg6 21. h4 b6 22. Nd3 Bxd3 23. Bxd3 Nd6 24. h5 Qe7 25. Rae1 Qh4 26. Qf4 Rd7 27. Kg2 h6 28. Rh1 Qe7 29. Re5 Rf8 30. Rhe1 Qh4 31. R1e3 Rc8 32. Rh3 Qf6 33. Qe3 Nc4 34. Bxc4 Rxc4 35. g5 hxg5 36. Rxg5 Kh7 37. Rf3 Qh6 38. Rfg3 Rc8 39. Qe5 f6 40. Qxe6 Rcd8 41. Qf5+ 1-0

[Event "BL 2324 SC Remagen Sinzig - MSA Zugzwang"]
[Site "?"]
[Date "2023.10.21"]
[Round "1.2"]
[White "Pavlidis, Antonios"]
[Black "Horvath, Dominik"]
[Result "1/2-1/2"]
[WhiteElo "2566"]
[BlackElo "2540"]
[PlyCount "96"]
[EventDate "2023.??.??"]

1. e4 e5 2. Nf3 Nc6 3. Bb5 Nf6 4. O-O Nxe4 5. Re1 Nd6 6. a4 Be7 7. Nc3 a6 8. Bf1 e4 9. Nxe4 Nxe4 10. Rxe4 d5 11. Re1 d4 12. Bd3 Be6 13. Be4 O-O 14. d3 Bd5 15. Bf4 Bb4 16. Bd2 Bxd2 17. Qxd2 Qd6 18. Bxd5 Qxd5 19. Qf4 Qd7 20. Re2 Rae8 21. Rae1 Rxe2 22. Rxe2 h6 23. h4 Rd8 24. h5 Qd6 25. Qf5 Qd7 26. Qf4 Qd6 27. Qf5 Qd7 28. Qxd7 Rxd7 29. Re8+ Kh7 30. g4 g6 31. Ne5 Nxe5 32. Rxe5 Kg7 33. Kg2 Kf6 34. f4 c6 35. Kf3 Rd5 36. Rxd5 cxd5 37. hxg6 fxg6 38. a5 Ke6 39. Kg3 Kf6 40. Kh4 Ke6 41. f5+ gxf5 42. g5 hxg5+ 43. Kxg5 Ke5 44. b3 Ke6 45. Kh4 Kd6 46. Kh5 Ke5 47. Kg5 Ke6 48. Kh4 Kd6 1/2-1/2

[Event "BL 2324 SC Remagen Sinzig - MSA Zugzwang"]
[Site "?"]
[Date "2023.10.21"]
[Round "1.3"]
[White "Shengelia, David"]
[Black "Plat, Vojtech"]
[Result "0-1"]
[WhiteElo "2494"]
[BlackElo "2503"]
[PlyCount "162"]
[EventDate "2023.??.??"]

1. d4 d6 2. Nf3 Nf6 3. g3 g6 4. Bg2 Bg7 5. O-O O-O 6. c4 Nc6 7. Nc3 e5 8. dxe5 dxe5 9. Bg5 Be6 10. Qc1 Qc8 11. Rd1 Nd7 12. Nd5 f6 13. Be3 Nb6 14. Bc5 Rf7 15. e4 Bg4 16. a4 Nd7 17. Be3 Bf8 18. c5 a5 19. h3 Be6 20. Bf1 Ncb8 21. b4 axb4 22. Nxb4 Ra5 23. Nd3 Nc6 24. Qc3 Qa8 25. Rdb1 Be7 26. Rb5 Rf8 27. Rxa5 Qxa5 28. Qxa5 Nxa5 29. Nd2 Ra8 30. Rb1 Nb8 31. Nb2 Nbc6 32. Kg2 Nd4 33. Bxd4 exd4 34. Nd3 Bd7 35. Rb4 Rd8 36. Be2 b6 37. cxb6 Bxb4 38. bxc7 Rc8 39. Nxb4 Rxc7 40. Nd5 Bxh3+ 41. Kxh3 Rc2 42. Nxf6+ Kf7 43. Ng4 Rxd2 44. Bb5 Nb7 45. Ne5+ Ke7 46. f4 Nc5 47. a5 Nxe4 48. a6 Ra2 49. Bc4 Ra3 50. Nc6+ Kf6 51. Nxd4 Nc5 52. Nc2 Ra4 53. Ne3 Nxa6 54. Ng4+ Kg7 55. Bxa6 Rxa6 56. Ne5 Ra3 57. Kg4 Rc3 58. Nd7 Kf7 59. Kh4 Ke6 60. Ne5 Kf5 61. Nf7 Rc1 62. Nd6+ Ke6 63. Ne4 Re1 64. Ng5+ Kf5 65. Kh3 h6 66. Nf7 Ke6 67. Nd8+ Kd5 68. g4 Ke4 69. f5 gxf5 70. gxf5 Kxf5 71. Nc6 Re4 72. Nd8 Re7 73. Nc6 Rd7 74. Kh4 Rd6 75. Na5 Kf4 76. Nc4 Rd1 77. Kh3 h5 78. Kg2 Rd4 79. Na3 Rd2+ 80. Kg1 h4 81. Nc4 Rd4 0-1

[Event "BL 2324 SC Remagen Sinzig - MSA Zugzwang"]
[Site "?"]
[Date "2023.10.21"]
[Round "1.4"]
[White "Burg, Twan"]
[Black "Baidetskyi, Valentin"]
[Result "1/2-1/2"]
[WhiteElo "2530"]
[BlackElo "2471"]
[PlyCount "47"]
[EventDate "2023.??.??"]

1. d4 d5 2. c4 e6 3. Nc3 Nf6 4. cxd5 exd5 5. Bg5 c6 6. e3 Bd6 7. Qc2 O-O 8. Bd3 h6 9. Bh4 a5 10. Nf3 Re8 11. O-O Nbd7 12. Rfe1 Be7 13. Bg3 Bf8 14. h3 b5 15. Rad1 Bb7 16. Ne5 Nxe5 17. Bxe5 Nd7 18. Bg3 Nf6 19. Bh4 Be7 20. e4 dxe4 21. Nxe4 Nxe4 22. Bxe7 Rxe7 23. Bxe4 Qd6 24. Bf3 1/2-1/2

[Event "BL 2324 SC Remagen Sinzig - MSA Zugzwang"]
[Site "?"]
[Date "2023.10.21"]
[Round "1.5"]
[White "Bromberger, Stefan"]
[Black "Swinkels, Robin"]
[Result "1/2-1/2"]
[WhiteElo "2476"]
[BlackElo "2515"]
[PlyCount "141"]
[EventDate "2023.??.??"]

1. d4 Nf6 2. c4 e6 3. Nf3 d5 4. g3 dxc4 5. Bg2 c5 6. O-O Nc6 7. Qa4 Bd7 8. Qxc4 b5 9. Qd3 c4 10. Qc2 Rc8 11. e4 Be7 12. Nc3 O-O 13. Bg5 b4 14. Ne2 h6 15. Bxf6 Bxf6 16. Rfd1 Qb6 17. e5 Be7 18. Nf4 Rfd8 19. Bh3 Bf8 20. d5 exd5 21. Nxd5 Qb7 22. Bxd7 Rxd7 23. Qxc4 Nxe5 24. Qe4 Nxf3+ 25. Qxf3 Kh8 26. Rd3 Rcd8 27. Rad1 Qc6 28. Kg2 Qa4 29. b3 Qb5 30. h4 a5 31. h5 a4 32. Nf4 axb3 33. Rxd7 Rxd7 34. Rxd7 Qxd7 35. axb3 Kg8 36. Qd5 Qc7 37. Ng6 Qb8 38. Ne5 Qc7 39. g4 Bd6 40. Nc4 Bf8 41. Kf3 Qe7 42. Ne5 Qf6+ 43. Ke3 Bd6 44. Nd3 g6 45. hxg6 Qxg6 46. f3 Qf6 47. Ke4 Kg7 48. Qd4 Qxd4+ 49. Kxd4 f5 50. gxf5 Kf6 51. Kd5 Bf8 52. Ke4 h5 53. Ne5 Bd6 54. f4 Bc7 55. Nc4 Bb8 56. Nb6 Bd6 57. Nd5+ Kf7 58. Kf3 Kg7 59. Kg3 Bc5 60. Kh4 Kh6 61. Nc7 Be7+ 62. Kg3 Kg7 63. Kf3 Kf7 64. Ne6 Kf6 65. Ke4 Bd6 66. Ng5 Bc7 67. Nf3 Bd6 68. Nh4 Bc5 69. Nf3 Bd6 70. Ng1 Bc5 71. Nf3 1/2-1/2

[Event "BL 2324 SC Remagen Sinzig - MSA Zugzwang"]
[Site "?"]
[Date "2023.10.21"]
[Round "1.6"]
[White "Cyborowski, Lukasz"]
[Black "Kjartansson, Gudmundur"]
[Result "1/2-1/2"]
[WhiteElo "2479"]
[BlackElo "2453"]
[PlyCount "97"]
[EventDate "2023.??.??"]

1. Nf3 d5 2. d4 Nf6 3. c4 e6 4. Bg5 dxc4 5. e4 b5 6. a4 c6 7. Nc3 a6 8. axb5 cxb5 9. Nxb5 axb5 10. Rxa8 Bb7 11. Ra1 Bxe4 12. Be2 Bb4+ 13. Bd2 Nc6 14. O-O O-O 15. Ne5 Bxd2 16. Nxc6 Bxc6 17. Qxd2 e5 18. d5 Qxd5 19. Qxd5 Nxd5 20. Bf3 Nb4 21. Bxc6 Nxc6 22. Ra6 Nd4 23. Re1 f6 24. Ra7 g5 25. Kf1 Rf7 26. Rea1 g4 27. h3 gxh3 28. gxh3 b4 29. Rxf7 Kxf7 30. Ra4 c3 31. Rxb4 cxb2 32. Rxb2 Kg6 33. Kg2 Ne6 34. Kg3 Nf4 35. Rb4 Kf5 36. Rb7 h5 37. h4 Ne2+ 38. Kf3 Nd4+ 39. Kg3 Ne2+ 40. Kf3 Nd4+ 41. Ke3 Nc2+ 42. Kd3 Ne1+ 43. Ke2 Ng2 44. Rb4 e4 45. f3 Nf4+ 46. Kf1 exf3 47. Ra4 Nd3 48. Rd4 Ne5 49. Kf2 1/2-1/2

[Event "BL 2324 SC Remagen Sinzig - MSA Zugzwang"]
[Site "?"]
[Date "2023.10.21"]
[Round "1.8"]
[White "Vandenbussche, Thibaut"]
[Black "Zysk, Robert"]
[Result "1/2-1/2"]
[WhiteElo "2434"]
[BlackElo "2388"]
[PlyCount "80"]
[EventDate "2023.??.??"]

1. e4 e6 2. d4 d5 3. e5 c5 4. c3 Nc6 5. Nf3 Qb6 6. a3 c4 7. Nbd2 Na5 8. Rb1 Bd7 9. b4 cxb3 10. Nxb3 Nxb3 11. Rxb3 Qc7 12. Bd2 Ne7 13. Qb1 b6 14. Bd3 Nc6 15. a4 Na5 16. Rb5 Nc4 17. O-O Na3 18. Qa2 Bxb5 19. axb5 Be7 20. Ra1 Nc4 21. Bf4 Na5 22. Rc1 Rc8 23. g3 Qd7 24. h4 h6 25. Kg2 Rc7 26. h5 Qc8 27. Bd2 Nc4 28. Bf4 Qb7 29. g4 Kd7 30. Nd2 Rhc8 31. Bxc4 dxc4+ 32. f3 Qd5 33. Rb1 Ra8 34. Ne4 Ke8 35. Qc2 Rd7 36. Rb2 Kf8 37. Qb1 Ba3 38. Ra2 Be7 39. Rb2 Ba3 40. Ra2 Be7 1/2-1/2

[Event "BL 2324 USV TU Dresden - SV Werder Breme"]
[Site "?"]
[Date "2023.10.22"]
[Round "2.1"]
[White "Ivic, Velimir"]
[Black "Nisipeanu, Liviu-Dieter"]
[Result "1/2-1/2"]
[WhiteElo "2562"]
[BlackElo "2600"]
[PlyCount "103"]
[EventDate "2023.??.??"]

1. e4 c6 2. d4 d5 3. e5 Bf5 4. h4 h5 5. Bd3 Bxd3 6. Qxd3 Qa5+ 7. Nd2 e6 8. Ne2 Nh6 9. O-O Qa6 10. c4 Nf5 11. b3 c5 12. Nf3 Nc6 13. Bg5 cxd4 14. Nexd4 dxc4 15. bxc4 Nfxd4 16. Nxd4 Nxd4 17. Qxd4 Ba3 18. Rfd1 O-O 19. Rab1 Rac8 20. Qe4 Rxc4 21. Qxb7 Qxb7 22. Rxb7 Bc5 23. Rd3 Rc2 24. Be3 Bxe3 25. Rxe3 Rxa2 26. Rf3 Ra5 27. g3 a6 28. Ra7 Rxe5 29. Rxa6 Kh7 30. Ra7 Kg6 31. Kg2 Re1 32. Re7 f6 33. Ra3 Rf7 34. Raa7 Rxe7 35. Rxe7 e5 36. Kf3 Ra1 37. Ke3 Ra3+ 38. Ke2 Ra4 39. Kf3 Ra8 40. Ke3 Rf8 41. f4 exf4+ 42. Kxf4 Rf7 43. Re3 Rd7 44. Ra3 Kf7 45. Rb3 Rd4+ 46. Kf3 Ke6 47. Ra3 Ke5 48. Ra5+ Rd5 49. Ra3 Kf5 50. Rb3 g5 51. hxg5 fxg5 52. g4+ 1/2-1/2

[Event "BL 2324 USV TU Dresden - SV Werder Breme"]
[Site "?"]
[Date "2023.10.22"]
[Round "2.2"]
[White "Bartel, Mateusz"]
[Black "Fressinet, Laurent"]
[Result "1/2-1/2"]
[WhiteElo "2651"]
[BlackElo "2643"]
[PlyCount "78"]
[EventDate "2023.??.??"]

1. e4 e5 2. Nf3 Nc6 3. Bb5 a6 4. Ba4 Nf6 5. O-O Be7 6. d3 b5 7. Bb3 O-O 8. Nc3 d6 9. a3 Na5 10. Ba2 Be6 11. Bg5 c5 12. Bxf6 Bxf6 13. Nd5 Nc6 14. c3 g6 15. Qd2 Rb8 16. h4 Bg7 17. Ng5 Bxd5 18. Bxd5 Ne7 19. Ba2 h6 20. Nxf7 Rxf7 21. Bxf7+ Kxf7 22. f4 Kg8 23. fxe5 dxe5 24. Rf3 Nc8 25. Qf2 c4 26. Rf1 Qb6 27. d4 Nd6 28. Rf6 exd4 29. Qg3 dxc3+ 30. Kh2 Qc7 31. Rxd6 cxb2 32. e5 Re8 33. Qxg6 Qe7 34. g3 Qxe5 35. Rd7 Qe2+ 36. Kg1 Qe3+ 37. Kh2 Qe2+ 38. Kg1 Qe3+ 39. Kh2 Qe2+ 1/2-1/2

[Event "BL 2324 USV TU Dresden - SV Werder Breme"]
[Site "?"]
[Date "2023.10.22"]
[Round "2.3"]
[White "Areshchenko, Alexander"]
[Black "Michalik, Peter"]
[Result "1-0"]
[WhiteElo "2625"]
[BlackElo "2576"]
[PlyCount "122"]
[EventDate "2023.??.??"]

1. e4 e5 2. Nf3 Nc6 3. Bb5 a6 4. Ba4 Nf6 5. O-O Be7 6. d3 b5 7. Bb3 d6 8. a4 Bd7 9. c3 O-O 10. Nbd2 Na5 11. Ba2 c5 12. Re1 h6 13. Nf1 bxa4 14. Ne3 Nb3 15. Bxb3 axb3 16. Qxb3 Be6 17. Qc2 Ng4 18. c4 Nxe3 19. Bxe3 f5 20. exf5 Bxf5 21. Nd2 d5 22. f3 Bh4 23. Re2 e4 24. dxe4 d4 25. Bf2 d3 26. Bxh4 g5 27. Qc3 dxe2 28. Bf2 Bg6 29. Bxc5 Rf7 30. Re1 g4 31. Rxe2 gxf3 32. Nxf3 Bh5 33. Rd2 Qc8 34. Bd6 Bxf3 35. gxf3 Rg7+ 36. Rg2 Raa7 37. c5 Rxg2+ 38. Kxg2 Rg7+ 39. Kf2 Qh3 40. Bg3 h5 41. Qe5 h4 42. Qe8+ Kh7 43. Qh5+ Kg8 44. Qxh4 Qd7 45. Bd6 Qa4 46. Qd8+ Kh7 47. Qh4+ Kg8 48. Qd8+ Kh7 49. Bg3 Qc2+ 50. Ke3 Qxc5+ 51. Qd4 Qc1+ 52. Ke2 Rb7 53. Be5 Rf7 54. Qd8 Qc2+ 55. Ke1 Qc1+ 56. Kf2 Qc5+ 57. Bd4 Qc4 58. Bc3 Qc5+ 59. Bd4 Qc4 60. Qh8+ Kg6 61. h4 Rh7 1-0

[Event "BL 2324 USV TU Dresden - SV Werder Breme"]
[Site "?"]
[Date "2023.10.22"]
[Round "2.4"]
[White "Vogel, Roven"]
[Black "Efimenko, Zahar"]
[Result "1/2-1/2"]
[WhiteElo "2471"]
[BlackElo "2575"]
[PlyCount "49"]
[EventDate "2023.??.??"]

1. d4 Nf6 2. c4 e6 3. Nf3 d5 4. Nc3 Bb4 5. Qa4+ Nc6 6. e3 O-O 7. Bd2 dxc4 8. Bxc4 Bd6 9. Nb5 e5 10. dxe5 Nxe5 11. Be2 Bd7 12. Qc2 Bxb5 13. Bxb5 Qe7 14. a3 Rad8 15. Be2 Rfe8 16. Nd4 g6 17. Nb5 Bc5 18. Rc1 Bb6 19. O-O Neg4 20. Bxg4 Nxg4 21. h3 Ne5 22. Bb4 Nf3+ 23. gxf3 Qg5+ 24. Kh2 Qxb5 25. Rfd1 1/2-1/2

[Event "BL 2324 USV TU Dresden - SV Werder Breme"]
[Site "?"]
[Date "2023.10.22"]
[Round "2.5"]
[White "Van Foreest, Lucas"]
[Black "Hoffmann, Paul"]
[Result "1/2-1/2"]
[WhiteElo "2540"]
[BlackElo "2378"]
[PlyCount "66"]
[EventDate "2023.??.??"]

1. c4 Nf6 2. g3 e6 3. Bg2 d5 4. d4 Bb4+ 5. Nd2 O-O 6. Ngf3 Be7 7. O-O a5 8. Qc2 c5 9. cxd5 exd5 10. dxc5 Na6 11. c6 bxc6 12. Qxc6 Bd7 13. Qc2 Qb6 14. Nb3 a4 15. Nbd4 Bc5 16. Qd1 Rfe8 17. e3 Ne4 18. Ne1 Bxd4 19. exd4 Bb5 20. Nd3 Bc4 21. Qf3 Nb4 22. Nxb4 Bxf1 23. Nxd5 Bxg2 24. Kxg2 Qd6 25. Nc3 Qxd4 26. Be3 Qb4 27. Nxe4 Qxe4 28. Qxe4 Rxe4 29. Rc1 h6 30. Rc2 Ree8 31. b4 axb3 32. axb3 Rab8 33. Rc3 Rec8 1/2-1/2

[Event "BL 2324 USV TU Dresden - SV Werder Breme"]
[Site "?"]
[Date "2023.10.22"]
[Round "2.6"]
[White "Loxine, Jakov"]
[Black "Cheng, Bobby"]
[Result "1/2-1/2"]
[WhiteElo "2397"]
[BlackElo "2572"]
[PlyCount "62"]
[EventDate "2023.??.??"]

1. Nf3 d5 2. d4 Nf6 3. c4 e6 4. Nc3 Be7 5. g3 O-O 6. Bg2 c6 7. O-O a5 8. b3 b6 9. Qc2 Ba6 10. Rd1 Nbd7 11. e4 dxc4 12. h4 cxb3 13. axb3 h6 14. Bb2 Rc8 15. Rac1 Re8 16. Qb1 Bb4 17. Bh3 Bb7 18. Qd3 Rc7 19. e5 Nd5 20. Nxd5 cxd5 21. Rxc7 Qxc7 22. Rc1 Qd8 23. Kh2 Nb8 24. g4 g6 25. Bf1 Ba6 26. Qe3 Bxf1 27. Rxf1 Bf8 28. h5 g5 29. Ne1 Re7 30. Ba3 Rc7 31. Bxf8 Qxf8 1/2-1/2

[Event "BL 2324 USV TU Dresden - SV Werder Breme"]
[Site "?"]
[Date "2023.10.22"]
[Round "2.7"]
[White "Wachinger, Nikolas"]
[Black "Moehn, Hans"]
[Result "1/2-1/2"]
[WhiteElo "2426"]
[BlackElo "2392"]
[PlyCount "52"]
[EventDate "2023.??.??"]

1. e4 c5 2. Nf3 e6 3. d4 cxd4 4. Nxd4 a6 5. c4 Nf6 6. Nc3 Bb4 7. Qd3 d5 8. exd5 exd5 9. Be2 Nc6 10. Nxc6 bxc6 11. O-O O-O 12. cxd5 Nxd5 13. Nxd5 Qxd5 14. Qg3 Bd6 15. Bf4 Bxf4 16. Qxf4 Be6 17. Rfc1 Qd7 18. Bf3 Bd5 19. Rc5 Rfd8 20. h3 Qe6 21. b3 h6 22. Rac1 Rd6 23. Ra5 Qg6 24. Bxd5 cxd5 25. Qd4 Rad8 26. Rc3 Qe4 1/2-1/2

[Event "BL 2324 USV TU Dresden - SV Werder Breme"]
[Site "?"]
[Date "2023.10.22"]
[Round "2.8"]
[White "Wong, Gengchun"]
[Black "Reuker, Jari"]
[Result "1/2-1/2"]
[WhiteElo "2252"]
[BlackElo "2403"]
[PlyCount "157"]
[EventDate "2023.??.??"]

1. e4 e5 2. Nf3 Nc6 3. Bb5 Nf6 4. O-O Nxe4 5. d4 Nd6 6. dxe5 Nxb5 7. a4 Nbd4 8. Nxd4 d5 9. Nxc6 bxc6 10. Qd3 Qd7 11. Rd1 Be7 12. Be3 O-O 13. Nd2 Qf5 14. Qxf5 Bxf5 15. Nf3 f6 16. Rd2 Be4 17. exf6 Bxf6 18. Nd4 c5 19. Ne6 Bxb2 20. Rb1 Bc3 21. Nxf8 Bxd2 22. Bxd2 Kxf8 23. Rb5 c4 24. c3 a5 25. Bf4 c6 26. Rb8+ Rxb8 27. Bxb8 d4 28. cxd4 c3 29. f3 Bd5 30. Kf2 c2 31. Bf4 Bb3 32. Ke2 Bxa4 33. Bc1 Bb3 34. Kd3 Ke7 35. Kc3 a4 36. Ba3+ Ke6 37. Bc1 Kf5 38. Ba3 h5 39. Bc1 h4 40. Kd3 g6 41. Kc3 Ke6 42. Ba3 Kd5 43. Bb2 Kd6 44. Ba3+ Kc7 45. Bc1 Kd7 46. Bb2 Ke7 47. Ba3+ Ke6 48. Bc1 Kd6 49. Ba3+ Kd5 50. Bb2 Bc4 51. Kxc2 Bf1 52. g3 Kc4 53. gxh4 Bg2 54. Kd2 Kb3 55. Bc3 Bxf3 56. d5 cxd5 57. Bf6 Bg4 58. Be5 Kc4 59. Ke3 a3 60. Bf6 Bf5 61. Be5 Kb3 62. Kd2 Kc4 63. Ke3 Kc5 64. Bf6 a2 65. Bg7 Kd6 66. Bd4 Bb1 67. Bb2 Ke6 68. Kf4 Bc2 69. Bd4 Bd1 70. Bb2 Kd6 71. Bd4 Bh5 72. Ke3 Kc6 73. Bf6 Kc5 74. Be5 Kc4 75. Bf6 Bg4 76. Be5 Bf5 77. Bf6 Kb3 78. Kd2 Kb4 79. Be5 1/2-1/2

[Event "BL 2324 HSK Lister Turm - SK Kirchweyhe"]
[Site "?"]
[Date "2023.10.22"]
[Round "2.1"]
[White "Kadric, Denis"]
[Black "Pfreundt, Jakob"]
[Result "1-0"]
[WhiteElo "2579"]
[BlackElo "2455"]
[PlyCount "77"]
[EventDate "2023.??.??"]

1. e4 e5 2. Bc4 Nf6 3. d3 Nc6 4. Nf3 d5 5. exd5 Nxd5 6. O-O Be7 7. Re1 f6 8. c3 Bg4 9. h3 Bh5 10. a4 O-O 11. a5 Rb8 12. Nbd2 Bf7 13. Nb3 Kh8 14. Bb5 a6 15. Ba4 Na7 16. d4 b5 17. axb6 Nxb6 18. Nbd2 Nxa4 19. Rxa4 exd4 20. Nxd4 Bc5 21. Ne6 Bxe6 22. Rxe6 Qd3 23. Qf1 Qc2 24. Raxa6 Rfe8 25. Qe1 Red8 26. Re2 Bb6 27. Ra1 Nc6 28. Nf3 Qb3 29. Ra3 Qf7 30. Ra4 Re8 31. Rae4 Rxe4 32. Rxe4 Na5 33. b4 Nc4 34. Bf4 Rd8 35. Qe2 Na3 36. Re7 Qg6 37. Nh4 Qb1+ 38. Kh2 Qb3 39. Qg4 1-0

[Event "BL 2324 HSK Lister Turm - SK Kirchweyhe"]
[Site "?"]
[Date "2023.10.22"]
[Round "2.2"]
[White "Petkidis, Anthony"]
[Black "Brkic, Ante"]
[Result "0-1"]
[WhiteElo "2429"]
[BlackElo "2606"]
[PlyCount "86"]
[EventDate "2023.??.??"]

1. e4 c5 2. Nf3 d6 3. d4 cxd4 4. Nxd4 Nf6 5. Nc3 a6 6. f3 e5 7. Nb3 Be6 8. Be3 h5 9. Nd5 Bxd5 10. exd5 Nbd7 11. Qd2 Be7 12. O-O-O Qc7 13. c4 a5 14. Kb1 O-O 15. Na1 a4 16. a3 Rfe8 17. Nc2 Nb6 18. Qb4 Nfd7 19. Rc1 Nc5 20. g4 h4 21. g5 g6 22. Rg1 Bf8 23. Rg4 Nbd7 24. Rxh4 Bg7 25. Rd1 Nb3 26. Qe1 Nd4 27. Nxd4 exd4 28. Rdxd4 Bxd4 29. Rxd4 Re5 30. Rh4 Qb6 31. Rh8+ Kg7 32. Rxa8 Qxe3 33. Qxe3 Rxe3 34. Bh3 Nc5 35. Bg4 Re2 36. Rd8 Nd3 37. Rxd6 Rxb2+ 38. Ka1 Rb3 39. Rd7 Rxa3+ 40. Kb1 Rb3+ 41. Ka1 Nb4 42. Be6 Rxf3 43. Rxb7 Ra3+ 0-1

[Event "BL 2324 HSK Lister Turm - SK Kirchweyhe"]
[Site "?"]
[Date "2023.10.22"]
[Round "2.3"]
[White "Predojevic, Borki"]
[Black "Abel, Dennes"]
[Result "1/2-1/2"]
[WhiteElo "2580"]
[BlackElo "2404"]
[PlyCount "106"]
[EventDate "2023.??.??"]

1. c4 Nf6 2. Nf3 g6 3. b4 Bg7 4. Bb2 O-O 5. e3 d6 6. Be2 c5 7. bxc5 dxc5 8. O-O Nc6 9. Ne5 Nxe5 10. Bxe5 Ne8 11. Bxg7 Nxg7 12. Nc3 b6 13. a4 Bf5 14. d3 Rc8 15. a5 Rc6 16. axb6 axb6 17. Nb5 g5 18. Bf3 Rh6 19. d4 cxd4 20. Ra8 Qd7 21. Rxf8+ Kxf8 22. Nxd4 Qc7 23. h3 Bd7 24. Nb5 Bxb5 25. cxb5 Ne6 26. Qa1 Rf6 27. Rd1 Qb8 28. Bc6 Nc5 29. Rd5 h6 30. h4 Ne6 31. Rf5 Qd8 32. hxg5 hxg5 33. Bd5 Nc7 34. Bc4 g4 35. Rxf6 exf6 36. g3 Qd6 37. Qb1 Qc5 38. Qd3 Ne8 39. Bd5 Nd6 40. Bc6 f5 41. Kg2 Ke7 42. Qb1 Kf8 43. Qa1 Kg8 44. Qb2 Kh7 45. Qf6 Kg8 46. Qg5+ Kf8 47. Qd8+ Kg7 48. Qg5+ Kf8 49. e4 Nxb5 50. Qd8+ Kg7 51. Qg5+ Kf8 52. Qd8+ Kg7 53. Qg5+ Kf8 1/2-1/2

[Event "BL 2324 HSK Lister Turm - SK Kirchweyhe"]
[Site "?"]
[Date "2023.10.22"]
[Round "2.4"]
[White "Walter, Stefan"]
[Black "Stevic, Hrvoje"]
[Result "0-1"]
[WhiteElo "2382"]
[BlackElo "2549"]
[PlyCount "80"]
[EventDate "2023.??.??"]

1. e4 e5 2. Nf3 Nc6 3. Bc4 Nf6 4. d4 exd4 5. e5 d5 6. Bb5 Nd7 7. O-O Be7 8. Re1 O-O 9. Bxc6 bxc6 10. Nxd4 Nb8 11. Nc3 c5 12. Nf3 c6 13. h3 Na6 14. Ne2 Bf5 15. Bd2 Rb8 16. b3 Nb4 17. Bxb4 Rxb4 18. Ng3 Bg6 19. Qe2 Re8 20. Rad1 Qc8 21. c3 Rb7 22. Qe3 h6 23. Qf4 Bd8 24. Qe3 Be7 25. Qf4 Qe6 26. Qa4 Bd8 27. Rd2 Bh7 28. Rde2 Rbe7 29. Rd2 Bb6 30. Qf4 Qc8 31. h4 Bc7 32. Qe3 Qg4 33. Qxc5 Bb6 34. Rd4 Qc8 35. Qa3 f6 36. Rdd1 fxe5 37. Qa4 Rf7 38. h5 Rf4 39. c4 Be4 40. Re2 Bxf3 0-1

[Event "BL 2324 HSK Lister Turm - SK Kirchweyhe"]
[Site "?"]
[Date "2023.10.22"]
[Round "2.5"]
[White "Jovanovic, Zoran"]
[Black "Lammers, Markus"]
[Result "1-0"]
[WhiteElo "2513"]
[BlackElo "2336"]
[PlyCount "147"]
[EventDate "2023.??.??"]

1. e4 e5 2. Nf3 Nf6 3. Nxe5 d6 4. Nf3 Nxe4 5. Bd3 d5 6. Qe2 Qe7 7. O-O Nf6 8. Qd1 Qd8 9. c3 Bg4 10. Bc2 Be7 11. d4 O-O 12. Re1 Nbd7 13. Nbd2 Re8 14. Nf1 Bh5 15. Ng3 Bg6 16. Nf5 Bf8 17. Bg5 Rxe1+ 18. Qxe1 Qe8 19. N3h4 c6 20. Bf4 Qxe1+ 21. Rxe1 Re8 22. Kf1 Rxe1+ 23. Kxe1 Ne8 24. h3 Bh5 25. Ng3 Bg6 26. Nxg6 hxg6 27. Nf1 Bd6 28. Bc1 Nc7 29. g3 Ne6 30. Nd2 Kf8 31. Ke2 Ke7 32. f4 f5 33. Nf3 Nf6 34. Ne5 Nf8 35. Be3 Ne4 36. Kf3 a6 37. g4 Ke6 38. Bd3 Ke7 39. Bf1 Ke6 40. a3 Ke7 41. Nd3 Nd7 42. Ne5 Nxe5+ 43. fxe5 Bc7 44. h4 Ke6 45. Bh3 Bd8 46. Kf4 g5+ 47. hxg5 Bxg5+ 48. Kf3 Nd2+ 49. Bxd2 Bxd2 50. gxf5+ Kf7 51. Ke2 Bc1 52. b4 Bxa3 53. Kd2 Ke7 54. Kc2 Kf7 55. Bg4 Ke7 56. Bh5 Kf8 57. Be2 Ke7 58. Bf1 Kf8 59. Kb3 Bc1 60. c4 dxc4+ 61. Bxc4 Ke7 62. Be6 g6 63. Bc8 gxf5 64. Bxb7 Kd7 65. Bxa6 Bg5 66. Be2 Be7 67. Kc4 Bd8 68. b5 Bb6 69. bxc6+ Kxc6 70. Bd3 f4 71. d5+ Kd7 72. Bf5+ Kc7 73. d6+ Kd8 74. e6 1-0

[Event "BL 2324 HSK Lister Turm - SK Kirchweyhe"]
[Site "?"]
[Date "2023.10.22"]
[Round "2.6"]
[White "Pubantz, Jan"]
[Black "Kovacevic, Aleksandar"]
[Result "0-1"]
[WhiteElo "2299"]
[BlackElo "2445"]
[PlyCount "94"]
[EventDate "2023.??.??"]

1. d4 Nf6 2. c4 e6 3. g3 c5 4. d5 exd5 5. cxd5 d6 6. Nc3 g6 7. Bg2 Bg7 8. Nf3 O-O 9. O-O Re8 10. Bf4 Bf5 11. Nh4 Bg4 12. Qd2 b5 13. Nxb5 Rxe2 14. Qc1 Ne8 15. Nc3 Re7 16. Qd2 Na6 17. h3 Bd7 18. Rfe1 Rb8 19. Rxe7 Qxe7 20. Re1 Qd8 21. Nf3 Nac7 22. Ng5 Nb5 23. Nge4 Nxc3 24. Nxc3 Rb6 25. b3 Nf6 26. Bg5 Qf8 27. Qf4 Nh5 28. Qf3 f6 29. Bd2 f5 30. Ne2 Rb8 31. Nf4 Nxf4 32. Bxf4 Re8 33. Rxe8 Qxe8 34. Bxd6 Qe1+ 35. Bf1 Bb5 36. Qg2 Bd4 37. Bf4 Kf7 38. d6 Ke6 39. g4 Bxf1 40. gxf5+ gxf5 41. Qg8+ Kd7 42. Qxh7+ Kc6 43. Qc7+ Kb5 44. Qd7+ Ka5 45. Qc7+ Kb4 46. Bg3 Be2+ 47. Kh2 Bf3 0-1

[Event "BL 2324 HSK Lister Turm - SK Kirchweyhe"]
[Site "?"]
[Date "2023.10.22"]
[Round "2.7"]
[White "Zelcic, Robert"]
[Black "Hoeffer, David"]
[Result "1-0"]
[WhiteElo "2476"]
[BlackElo "2323"]
[PlyCount "67"]
[EventDate "2023.??.??"]

1. e4 e5 2. Nf3 Nc6 3. Bc4 Nf6 4. d4 exd4 5. e5 d5 6. Bb5 Ne4 7. Nxd4 Bd7 8. Bxc6 bxc6 9. O-O Bc5 10. Be3 Bb6 11. Nd2 Nxd2 12. Qxd2 c5 13. Ne2 d4 14. Bg5 f6 15. Bh4 g5 16. Bg3 f5 17. f4 g4 18. Qe1 Bc6 19. c4 d3 20. Rd1 Qd7 21. e6 Qd6 22. Bh4 Be4 23. Ng3 Qxe6 24. Nxe4 fxe4 25. Rxd3 Qxc4 26. Re3 O-O 27. Rxe4 Qf7 28. f5 h5 29. Be7 c4+ 30. Kh1 Qd5 31. Bxf8 Rxf8 32. Re5 Qd3 33. f6 Qg6 34. Qh4 1-0

[Event "BL 2324 HSK Lister Turm - SK Kirchweyhe"]
[Site "?"]
[Date "2023.10.22"]
[Round "2.8"]
[White "Sreyas Payyappat"]
[Black "Zaja, Ivan"]
[Result "1/2-1/2"]
[WhiteElo "2075"]
[BlackElo "2424"]
[PlyCount "104"]
[EventDate "2023.??.??"]

1. e4 e6 2. d4 d5 3. Nc3 Bb4 4. e5 c5 5. a3 Ba5 6. b4 cxd4 7. Nb5 Bc7 8. f4 Bd7 9. Nf3 Bxb5 10. Bxb5+ Nc6 11. Nxd4 Nge7 12. Be3 Bb6 13. O-O O-O 14. Kh1 Nxd4 15. Bxd4 Nf5 16. Bb2 Ne3 17. Qh5 g6 18. Qh6 Ng4 19. Qh3 Nf2+ 20. Rxf2 Bxf2 21. Rf1 Qh4 22. Qf3 Bb6 23. g4 a5 24. Bc3 Rfc8 25. Be1 Qh6 26. Bd3 axb4 27. Bxb4 Bc5 28. f5 Qe3 29. Qxe3 Bxe3 30. fxe6 fxe6 31. Rf6 Rc6 32. Bd6 Bg5 33. Rf1 Rb6 34. Kg2 Bh6 35. Rf6 Bg7 36. Rxe6 Bxe5 37. Rxe5 Rxd6 38. Re7 b6 39. h4 h6 40. Kg3 Rxa3 41. Kf4 Kf8 42. Rh7 Re6 43. Rxh6 Kg7 44. g5 Ra4+ 45. Kf3 d4 46. h5 Re3+ 47. Kf4 gxh5 48. Rh7+ Kg8 49. g6 Rxd3 50. cxd3 Ra5 51. Ke4 Rg5 52. Kxd4 Rxg6 1/2-1/2